| 000 | 00844naa a22002897a 4500 | ||
|---|---|---|---|
| 001 | 28292 | ||
| 003 | 93219 | ||
| 005 | 20201118100535.0 | ||
| 008 | ||||||n9999 ||| || || | ||
| 100 | _aJaramillo, Carlos Felipe | ||
| 245 | 0 | _aPrincipales instrumentos de politica sectorial | |
| 562 | _e0 | ||
| 650 | _aAPERTURA ECONÓMICA | ||
| 650 | _aASISTENCIA ECONOMICA | ||
| 650 | _aCOMERCIALIZACIÓN | ||
| 650 | _aCONSERVACIÓN DEL MEDIO AMBIENTE | ||
| 650 | _aINTEGRACIÓN ECONÓMICA | ||
| 650 | _aINVESTIGACIONES | ||
| 650 | _aMODERNIZACIÓN | ||
| 650 | _aPOLÍTICA SECTORIAL | ||
| 650 | _aPRODUCCIÓN AGROPECUARIA | ||
| 650 | _aSECTOR AGRARIO | ||
| 650 | _aSUBSIDIOS ESTATALES | ||
| 650 | _aTRANSFERENCIA TECNOLOGICA | ||
| 773 |
_028121 _aEl agro colombiano ante las transformaciones de la economia |
||
| 942 | _cCHAP | ||
| 999 |
_c28292 _d28292 |
||